LEADER 00889nam0-22003131i-450- 001 990003161090403321 010 $a0-669-94037-2 035 $a000316109 035 $aFED01000316109 035 $a(Aleph)000316109FED01 035 $a000316109 100 $a20000920d1974----km-y0itay50------ba 101 0 $aENG 102 $aIT 200 1 $aPopulation Dynamics and International Violence$eropositions, Insights, and Evidence$fNazli Choucri. 210 $aLexington$dMass.$cLexington Books$d1974. 215 $ax, 281 p.$d24 cm 610 0 $aDemografia e violenza 676 $a15100 676 $a19830 702 1$aChoucri,$bNazli 801 0$aIT$bUNINA$gRICA$2UNIMARC 901 $aBK 912 $a990003161090403321 952 $a19830 CHO$b6826/I$fSES 959 $aSES 996 $aPopulation Dynamics and International Violence$9458918 997 $aUNINA DB $aING01 LEADER 00956nam0-22003491i-450- 001 990003235600403321 010 $a0-7450-0315-X 035 $a000323560 035 $aFED01000323560 035 $a(Aleph)000323560FED01 035 $a000323560 100 $a20000920d1988----km-y0itay50------ba 101 0 $aita 102 $aIT 200 1 $aWorkers in Stalin's Russia$eIndustrialization and Social Change in a Planned Economy$fVladimir Andrle. 205 $a1. ed. 210 $aHertfordshire$cHarvester Wheatsheaf$cNew York$cSt.Martin's Press$d1988. 215 $aXII, 243 p.$d21 cm 676 $aE/4.3 676 $aF/1.7 676 $aG/2.3 676 $aH/2.1 676 $aN/1.2 702 1$aAndrle,$bVladimir 801 0$aIT$bUNINA$gRICA$2UNIMARC 901 $aBK 912 $a990003235600403321 952 $aF/1.7 AND$b7699$fSES 959 $aSES 996 $aWorkers in Stalin's Russia$9448692 997 $aUNINA DB $aING01 LEADER 01836nas 2200529- 450 001 996215444203316 005 20240312213016.0 035 $a(OCoLC)884070127 035 $a(CKB)1000000000280869 035 $a(CONSER)--2024242334 035 $a(EXLCZ)991000000000280869 100 $a20120215a19929999 --- a 101 0 $aeng 135 $aurmn||||a|||| 181 $ctxt$2rdacontent 182 $cc$2rdamedia 183 $acr$2rdacarrier 200 00$aNew Zealand company vehicle 210 1$aAuckland :$cAdrenalin Publishing Ltd 215 $a1 online resource 300 $aArchived by the National Library of New Zealand in PDF.$5Nz 300 $aHypertext links contained in the archived instances of this title are non-functional.$5Nz 311 $a1171-9265 517 1 $aNew Zealand company vehicle & executive car 517 3 $aCompany vehicle 517 1 $aCV 517 3 $aNew Zealand company vehicle and executive car 531 $aNEW ZEALAND COMPANY VEHICLE AND EXECUTIVE CARS 531 1 $aN.Z. co. veh. 606 $aAutomobiles, Company$zNew Zealand$vPeriodicals 606 $aAutomobiles$zNew Zealand$vPeriodicals 606 $aVoitures d'entreprises$zNouvelle-Zélande$vPériodiques 606 $aAutomobiles$2fast$3(OCoLC)fst00823232 606 $aAutomobiles, Company$2fast$3(OCoLC)fst00824016 607 $aNew Zealand$2fast$1https://id.oclc.org/worldcat/entity/E39QbtfRmXBg7mpKX7p4DJ8Kqp 608 $aPeriodicals.$2lcgft 608 $aPeriodicals.$2fast 615 0$aAutomobiles, Company 615 0$aAutomobiles 615 6$aVoitures d'entreprises 615 7$aAutomobiles. 615 7$aAutomobiles, Company. 676 $a629.225099305 906 $aJOURNAL 912 $a996215444203316 996 $aNew Zealand company vehicle$94145233 997 $aUNISA